000
00313nam a22001457a 4500
008
221014b ||||| |||| 00| 0 eng d
020
_a
9781932302165
041
_a
eng
080
_a
611
082
_a
611 McC
100
_a
10.2
101
_a
ANAT
245
_a
ANATOGRAPHICA
_c
McCRACKEN TH
942
_2
udc
_c
BK
999
_c
58555
_d
58555